The spanish empire in America
Gespeichert in:
| 1. Verfasser: | |
|---|---|
| Format: | Buch |
| Sprache: | Englisch |
| Veröffentlicht: |
Nueva York
Oxford University Press
1947
|
| Schlagworte: | |
| Tags: |
Tag hinzufügen
Keine Tags, Fügen Sie den ersten Tag hinzu!
|
MARC
| LEADER | 00000nam a2200000 a 4500 | ||
|---|---|---|---|
| 001 | UCO2795 | ||
| 003 | CL-VaPUC | ||
| 008 | 000608e19470000US |||||||||||||||||eng|d | ||
| 082 | 0 | 4 | |a 980.013 |b HAR |2 21 |
| 100 | |a Haring, Clarence H |e author |9 448719 | ||
| 245 | 1 | 4 | |a The spanish empire in America |
| 300 | |a 388 p | ||
| 942 | |c BK | ||
| 945 | |d 20000608 00:00:00 |a rherrera | ||
| 260 | |a Nueva York |b Oxford University Press |c 1947 | ||
| 650 | 0 | |a Historia de América |9 266076 | |
| 650 | 0 | |a Epoca colonial |9 352022 | |
| 650 | 7 | |a CABILDOS |2 CL-VaPUC |9 375432 | |
| 650 | 7 | |a REAL HACIENDA |2 CL-VaPUC |9 437088 | |
| 650 | 0 | |a Virreinatos |9 445304 | |
| 650 | 7 | |a HISTORIA SIGLOS 15-17 |2 CL-VaPUC |9 446431 | |
| 651 | 0 | |a América |9 255182 | |
| 583 | |a last modification |c 20121207 08:36:46 |k Rodrigo Vera | ||
| 999 | |c 289290 |d 289288 | ||
| 952 | |0 0 |1 0 |4 0 |6 980_013000000000000_HAR_1947 |7 0 |8 X |9 337564 |a BIBHIS |b BIBHIS |d 2019-11-20 |i 1287486 |o 980.013 HAR 1947 |p 1287486 |r 2024-01-30 |w 2019-11-20 |y BK_X |k HIS | ||